Civic Media Literacies (Record no. 61316)
[ view plain ]
| 000 -LEADER | |
|---|---|
| fixed length control field | 01429nam a2200229Ii 4500 |
| 008 - FIXED-LENGTH DATA ELEMENTS--GENERAL INFORMATION | |
| fixed length control field | 221202s xx 000 0 und d |
| 100 1# - MAIN ENTRY--PERSONAL NAME | |
| Personal name | Mihailidis, Paul, |
| Relator term | author |
| 245 #0 - TITLE STATEMENT | |
| Title | Civic Media Literacies |
| 246 ## - VARYING FORM OF TITLE | |
| Title proper/short title | Re-Imagining Human Connection in an Age of Digital Abundance |
| 264 ## - PRODUCTION, PUBLICATION, DISTRIBUTION, MANUFACTURE, AND COPYRIGHT NOTICE | |
| Name of producer, publisher, distributor, manufacturer | CRC Press |
| Date of production, publication, distribution, manufacture, or copyright notice | 2018 |
| 300 ## - PHYSICAL DESCRIPTION | |
| Extent | 1 online resource |
| 336 ## - CONTENT TYPE | |
| Content type term | text |
| Content type code | txt |
| Source | rdacontent |
| 337 ## - MEDIA TYPE | |
| Media type term | computer |
| Media type code | c |
| Source | rdamedia |
| 338 ## - CARRIER TYPE | |
| Carrier type term | online resource |
| Carrier type code | cr |
| Source | rdacarrier |
| 520 ## - SUMMARY, ETC. | |
| Summary, etc. | Civic life today is mediated. Communities small and large are now using connective platforms to share information, engage in local issues, facilitate vibrant debate, and advocate for social causes. In this timely book, Paul Mihailidisexplores the texture of daily engagement in civic life, and the resources—human, technological, and practical—that citizens employ when engaging in civic actions for positive social impact. In addition to examining the daily civic actions that are embedded in media and digital literacies and human connectedness, Mihailidis outlines a model for empowering young citizens to use media to meaningfully engage in daily life. |
| 653 ## - INDEX TERM--UNCONTROLLED | |
| Uncontrolled term | Civics & Citizenship |
| 653 ## - INDEX TERM--UNCONTROLLED | |
| Uncontrolled term | Media Studies |
| 653 ## - INDEX TERM--UNCONTROLLED | |
| Uncontrolled term | Political Science |
| 653 ## - INDEX TERM--UNCONTROLLED | |
| Uncontrolled term | Social Science |
| 856 ## - ELECTRONIC LOCATION AND ACCESS | |
| Uniform Resource Identifier | <a href="https://library.oapen.org/bitstream/20.500.12657/43890/1/external_content.pdfhttps://library.oapen.org/handle/20.500.12657/43890">https://library.oapen.org/bitstream/20.500.12657/43890/1/external_content.pdfhttps://library.oapen.org/handle/20.500.12657/43890</a> |
| 942 ## - ADDED ENTRY ELEMENTS (KOHA) | |
| Koha item type | E-Book |
| Withdrawn status | Damaged status | Not for loan | Home library | Current library | Date acquired | Total Checkouts | Date last seen | Price effective from | Koha item type |
|---|---|---|---|---|---|---|---|---|---|
| Directory of Open Access Books | Directory of Open Access Books | 11/28/2022 | 11/28/2022 | 11/28/2022 | E-Book |